[Event "Guaira op 2nd"]
[Site "Guaira"]
[Date "2016.11.06"]
[Round "6"]
[White "Aguiar, Joao Pedro"]
[Black "Nunes, Guilherme Sacardo T"]
[Result "1-0"]
[WhiteElo "1800"]
[BlackElo "1392"]
[PlyCount "61"]
[EventDate "2016.11.04"]
[EventType "swiss"]
[EventRounds "6"]
[EventCountry "BRA"]
[SourceTitle "CBM 175 Extra"]
[Source "ChessBase"]
[SourceDate "2016.12.12"]
[SourceVersion "1"]
[SourceVersionDate "2016.12.12"]
[SourceQuality "1"]

1. d4 Nf6 2. c4 g6 3. Nc3 d5 4. Bg5 Bg7 5. Nf3 c6 6. e3 Qb6 7. Qd2 Na6 8. a3 0-0 9. c5 Qc7 10. Bxa6 bxa6 11. h3 Re8 12. Bf4 Qd7 13. Ne5 Qe6 14. Nd3 Nh5 15. 0-0 Bh8 16. Rae1 g5 17. Bxg5 Qg6 18. h4 f6 19. Nf4 Nxf4 20. Bxf4 Bh3 21. Bg3 Bd7 22. Re2 Kf7 23. Rfe1 Rg8 24. Qc2 Qh5 25. e4 Bg4 26. Re3 Rae8 27. exd5 cxd5 28. Qb3 e6 29. Qb7+ Re7 30. Qxa6 Rg6 31. c6 1-0

[Event "Guaira op 2nd"]
[Site "Guaira"]
[Date "2016.11.05"]
[Round "4"]
[White "Aguiar, Joao Pedro"]
[Black "Coelho, Jesus Manoel Galleg"]
[Result "0-1"]
[WhiteElo "1800"]
[BlackElo "1830"]
[PlyCount "60"]
[EventDate "2016.11.04"]
[EventType "swiss"]
[EventRounds "6"]
[EventCountry "BRA"]
[SourceTitle "CBM 175 Extra"]
[Source "ChessBase"]
[SourceDate "2016.12.12"]
[SourceVersion "1"]
[SourceVersionDate "2016.12.12"]
[SourceQuality "1"]

1. d4 d5 2. c4 e6 3. Nc3 f5 4. Bf4 c6 5. Nf3 Nf6 6. Bg5 Bd6 7. Ne5 0-0 8. f3 h6 9. Bxf6 Qxf6 10. f4 Rd8 11. e3 Bxe5 12. dxe5 Qe7 13. Qh5 Qc5 14. Qf3 dxc4 15. Be2 b5 16. 0-0 Na6 17. a4 Nc7 18. axb5 cxb5 19. b3 Nd5 20. Nxd5 exd5 21. Rac1 Be6 22. Rfd1 Rac8 23. Qh5 Qxe3+ 24. Kh1 Qxf4 25. Re1 d4 26. Qg6 Bf7 27. Qa6 Rc5 28. e6 Be8 29. bxc4 d3 30. Rf1 dxe2 0-1